<?xml version="1.0" encoding="UTF-8"?>
<marc:record xmlns:marc="http://www.loc.gov/MARC21/slim">
   <marc:leader>00000nam a2200000 a 4500</marc:leader>
   <marc:datafield ind1="1" ind2=" " tag="100">
      <marc:subfield code="a">Estep, Jennifer</marc:subfield>
      <marc:subfield code="4">aut</marc:subfield>
      <marc:subfield code="e">Verfasser/-in</marc:subfield>
   </marc:datafield>
   <marc:datafield ind1="0" ind2="0" tag="245">
      <marc:subfield code="a">Black Blade -  Das dunkle Herz der Magie 2</marc:subfield>
   </marc:datafield>
   <marc:datafield ind1="0" ind2="0" tag="245">
      <marc:subfield code="c">Estep, Jennifer</marc:subfield>
   </marc:datafield>
   <marc:datafield ind1=" " ind2="1" tag="264">
      <marc:subfield code="a">München [u.a.]</marc:subfield>
      <marc:subfield code="b">Piper</marc:subfield>
      <marc:subfield code="c">2016</marc:subfield>
   </marc:datafield>
   <marc:datafield ind1="1" ind2=" " tag="490">
      <marc:subfield code="a">Black Blade</marc:subfield>
      <marc:subfield code="v">2</marc:subfield>
   </marc:datafield>
   <marc:datafield ind1="1" ind2=" " tag="520">
      <marc:subfield code="a">Manchen Leuten fehlt einfach jeder Ehrgeiz. Devon Sinclair beispielsweise ist davon überzeugt, dass Lila den »Kampf der Klingen« für sich entscheiden kann  dabei sollte er als ihr Kontrahent lieber daran arbeiten, sie zu besiegen. Doch was der eine nicht hat, hat der andere zu viel: Mysteriöse »Unfälle« sorgen dafür, dass ein Teilnehmer nach dem anderen aus dem Turnier scheidet. Irgendjemand möchte gewinnen, um jeden Preis! Als wäre das nicht schon Grund genug zur Sorge, hat Schurke Victor Draconi bereits einen finsteren Plan geschmiedet, um Devon und Lilas Freunden zu schaden. Und dann ist da noch ein Mörder in der Stadt, der es auf die Monster von Cloudburst Falls abgesehen hat. Eins sei damit ein für alle Mal bewiesen: Manchmal sind Menschen die eigentlichen Monster ... (Verlagstext)</marc:subfield>
   </marc:datafield>
   <marc:datafield ind1=" " ind2=" " tag="020">
      <marc:subfield code="a">9783492703567</marc:subfield>
      <marc:subfield code="9">9783492703567</marc:subfield>
   </marc:datafield>
   <marc:datafield ind1=" " ind2=" " tag="020">
      <marc:subfield code="a">3492703569</marc:subfield>
      <marc:subfield code="9">3492703569</marc:subfield>
   </marc:datafield>
   <marc:datafield ind1=" " ind2=" " tag="041">
      <marc:subfield code="a">ger</marc:subfield>
   </marc:datafield>
   <marc:datafield ind1="0" ind2=" " tag="490">
      <marc:subfield code="v">2</marc:subfield>
   </marc:datafield>
   <marc:datafield ind1=" " ind2=" " tag="338">
      <marc:subfield code="a">Band</marc:subfield>
   </marc:datafield>
   <marc:datafield ind1=" " ind2=" " tag="300">
      <marc:subfield code="a">358 Seiten</marc:subfield>
   </marc:datafield>
</marc:record>
